V Spišskom Podhradí vysťahovali ľudí z padajúceho domu

Bibliographic Details
Format: Article
Language:Slovak
ISSN:1335-4051
Subjects:

MARC

LEADER 00000nab a2200000 a 4500
001 vtls008298919
003 SK-MaSNL
005 20260305040713.0
008 050923c20050921xo ur| 0 0slo
038 |a RVGKPD 
040 |a RVGKPD  |b slo  |c RVGKPD  |e AACR2 
041 0 |a slo 
044 |a xo  |c SK 
080 |a 351.754.7  |2 UDC-MRF-SK2 
245 0 0 |a V Spišskom Podhradí vysťahovali ľudí z padajúceho domu  |c [autor] (ič) 
650 0 7 |a meštianske domy   |2 rvgkpd  |9 75846 
650 0 7 |a statika stavebných konštrukcií  |2 rvgkpd  |9 4180 
651 7 |a Spišské Podhradie (Slovensko)  |2 rvgkpd  |9 26697 
651 7 |a Levoča (Slovensko : okres)  |2 rvgkpd  |9 30131 
773 0 |t Pravda  |g Roč. XV, č. 218 (21.9.2005), s. 4  |x 1335-4051 
852 |a RVGKPD  |b KIS3G 
992 |a RBX 
999 |c 3339913  |d 3341843